| 000 | 00436nam a2200169Ia 4500 | ||
|---|---|---|---|
| 008 | 180207s9999 xx 000 0 und d | ||
| 020 | _a9789715162302 | ||
| 050 | _bC961 2006 | ||
| 100 | _aCuanzon, Perla H. | ||
| 245 | _aMimi and the mouse / | ||
| 245 | _cPerla H. Cuanzon. | ||
| 260 | _aPhilippines : | ||
| 260 | _bMerryland Publishing Corporation. | ||
| 260 | _c2006 | ||
| 300 | _aunpaged : | ||
| 300 | _bcolor illustrations ; | ||
| 999 |
_c355870 _d355870 |
||